000 00832nam a22002777a 4500
001 00103
003 DO-SdBNP
005 20250807104414.0
007 00103
008 160317b 1996 sp| 00| 0 spa d
020 _a848750728X
040 _aBPMSU
_bspa
_cBPMSU
082 4 _a927.8
_bM939A 1996
_222
100 1 _aAndrés, Ramón
245 1 0 _aWolfgang Amadeus Mozart /
_cRamón Andrés
250 _a3a ed.
260 _aEspaña :
_bEdiciones Rueda J. M.,
_c1996
300 _3198 p. :
_bil.,
_c25 cm.
490 0 _aGrandes biografías
504 _aBibliografía: p. 198
590 _6Inventariado, 2023/VM
600 1 4 _a Mozart, Johann Chrysostom Wolfgang Amadeus,
_d1756-1791
_vBiografías
650 4 _aMúsicos alemanes
_vBiografías
910 _aBrenda Tavárez/ VMateo V. Control de calidad (BPMSU)
942 _2ddc
_cBK
999 _c9281
_d9281